[Event "Olsztyn op U18 blitz"]
[Site "Olsztyn"]
[Date "2013.08.04"]
[Round "15"]
[White "Kotlowska, Anna"]
[Black "Cichocka, Urszula"]
[Result "1-0"]
[WhiteElo "2153"]
[BlackElo "1699"]
[PlyCount "111"]
[EventDate "2013.08.03"]
[EventType "swiss (blitz)"]
[EventRounds "22"]
[EventCountry "POL"]
[SourceTitle "CBM 155 Extra"]
[Source "ChessBase"]
[SourceDate "2013.08.26"]
[SourceVersion "1"]
[SourceVersionDate "2013.08.26"]
[SourceQuality "1"]

1. e4 c5 2. Nf3 Nc6 3. d4 cxd4 4. Nxd4 e5 5. Nxc6 bxc6 6. Be3 Nf6 7. Bd3 d5 8. exd5 cxd5 9. Bb5+ Bd7 10. Bxd7+ Qxd7 11. f3 Be7 12. 0-0 0-0 13. Nd2 h6 14. Nb3 Rac8 15. Qe2 Qc7 16. c3 Rfd8 17. Rad1 a5 18. Qb5 Rb8 19. Qa4 Rdc8 20. Rd2 Kh7 21. Rfd1 Bd6 22. g3 e4 23. fxe4 Bxg3 24. exd5 Bd6 25. Qxa5 Qd7 26. Rd4 Qh3 27. Bf4 Bxf4 28. Rxf4 Qe3+ 29. Rf2 Ng4 30. Rdf1 Nxf2 31. Rxf2 Qg5+ 32. Kh1 Re8 33. c4 Re1+ 34. Qxe1 Ra8 35. a3 Rb8 36. Rf3 Qg4 37. Qf1 Qe4 38. d6 Rxb3 39. Kg2 Rxb2+ 40. Kg1 Qg4+ 41. Kh1 Qh4 42. Qg1 Qe4 43. Qf1 Qc2 44. Qd3+ Qxd3 45. Rxd3 Rb1+ 46. Kg2 Rc1 47. d7 Rxc4 48. d8Q Rg4+ 49. Kf3 Rg6 50. Rd7 Rf6+ 51. Kg2 Rg6+ 52. Kf2 Rf6+ 53. Ke2 Re6+ 54. Kd2 Kg6 55. Rd6 Rxd6+ 56. Qxd6+ 1-0

[Event "Olsztyn op U18 blitz"]
[Site "Olsztyn"]
[Date "2013.08.04"]
[Round "14"]
[White "Kotlowska, Anna"]
[Black "Starczewska, Dominika"]
[Result "0-1"]
[WhiteElo "2153"]
[BlackElo "1680"]
[PlyCount "134"]
[EventDate "2013.08.03"]
[EventType "swiss (blitz)"]
[EventRounds "22"]
[EventCountry "POL"]
[SourceTitle "CBM 155 Extra"]
[Source "ChessBase"]
[SourceDate "2013.08.26"]
[SourceVersion "1"]
[SourceVersionDate "2013.08.26"]
[SourceQuality "1"]

1. e4 c5 2. Nf3 Nc6 3. d4 cxd4 4. Nxd4 g6 5. c4 Bg7 6. Nxc6 bxc6 7. Nc3 d6 8. Be3 Nf6 9. f3 0-0 10. Be2 Nd7 11. 0-0 Bb7 12. Rc1 Nf6 13. Qb3 Qc7 14. Rfd1 c5 15. Nd5 Nxd5 16. exd5 Qb6 17. Qc2 Rab8 18. b3 a5 19. Rb1 Qa6 20. Bd3 Bc8 21. Bd2 Bd7 22. Bc3 Bh6 23. Re1 Rfe8 24. Bd2 Bg7 25. Bc3 Bh6 26. Bd2 Bg7 27. Bc3 Bh6 28. Bd2 Bg7 29. Bc3 Bh6 30. Bd2 Bg7 31. Kh1 a4 32. Bc3 axb3 33. axb3 Bxc3 34. Qxc3 Rb4 35. Bc2 Qb7 36. Re3 Rb6 37. Rbe1 Bc8 38. Qd2 Ra6 39. Bd1 Qa7 40. R3e2 Bf5 41. Qc3 Qb6 42. Qe3 Qc7 43. Qc3 Rb6 44. Qd2 Rb4 45. Qc3 Qb7 46. Qe3 Rb6 47. Qg5 Kf8 48. Qh6+ Kg8 49. Qh4 f6 50. Qf2 Rb4 51. Re3 Rb6 52. Qe2 Kf7 53. Qf2 e5 54. dxe6+ Bxe6 55. Qd2 Qd7 56. Rd3 Bf5 57. Rxe8 Kxe8 58. Re3+ Kf7 59. Bc2 Bxc2 60. Qxc2 d5 61. cxd5 Qxd5 62. Rd3 Qe6 63. Qd1 Rb7 64. h3 Re7 65. Kh2 Qe5+ 66. Kh1 Qg3 67. Qe1 Rxe1# 0-1

[Event "Olsztyn op U18 blitz"]
[Site "Olsztyn"]
[Date "2013.08.03"]
[Round "2"]
[White "Kotlowska, Anna"]
[Black "Lach, Aleksandra"]
[Result "0-1"]
[WhiteElo "2153"]
[BlackElo "1699"]
[PlyCount "60"]
[EventDate "2013.08.03"]
[EventType "swiss (blitz)"]
[EventRounds "22"]
[EventCountry "POL"]
[SourceTitle "CBM 155 Extra"]
[Source "ChessBase"]
[SourceDate "2013.08.26"]
[SourceVersion "1"]
[SourceVersionDate "2013.08.26"]
[SourceQuality "1"]

1. e4 c5 2. Nf3 a6 3. d4 cxd4 4. Nxd4 Nf6 5. Nc3 e5 6. Nb3 Bb4 7. f3 d5 8. exd5 Nxd5 9. Bd2 Nxc3 10. bxc3 Be7 11. Bc4 0-0 12. 0-0 b5 13. Bd3 Bb7 14. Qe2 Qc7 15. Rad1 Nd7 16. Rfe1 Bd6 17. Kh1 f5 18. f4 e4 19. Bxb5 axb5 20. Qxb5 Rxa2 21. Nd4 Ba6 22. Qb3+ Bc4 23. Qb1 Bxf4 24. Bxf4 Qxf4 25. Qb7 Ne5 26. Nc6 Ng4 27. Ne7+ Kh8 28. g3 Qf3+ 29. Kg1 Qf2+ 30. Kh1 Qxh2# 0-1

[Event "Olsztyn op U18 blitz"]
[Site "Olsztyn"]
[Date "2013.08.03"]
[Round "6"]
[White "Kotlowska, Anna"]
[Black "Tarnowska, Aleksandra"]
[Result "1-0"]
[WhiteElo "2153"]
[BlackElo "1833"]
[PlyCount "75"]
[EventDate "2013.08.03"]
[EventType "swiss (blitz)"]
[EventRounds "22"]
[EventCountry "POL"]
[SourceTitle "CBM 155 Extra"]
[Source "ChessBase"]
[SourceDate "2013.08.26"]
[SourceVersion "1"]
[SourceVersionDate "2013.08.26"]
[SourceQuality "1"]

1. e4 e5 2. Nf3 Nc6 3. Bb5 a6 4. Ba4 Nf6 5. d4 exd4 6. 0-0 d5 7. exd5 Qxd5 8. Re1+ Be7 9. Bb3 Qd6 10. Nbd2 0-0 11. Nc4 Qd8 12. Bg5 Bg4 13. h3 Bh5 14. g4 Bg6 15. Nce5 Nxe5 16. Nxe5 c5 17. a4 Rc8 18. Nxg6 hxg6 19. Bc4 Nd5 20. Bxe7 Nxe7 21. Qf3 Nc6 22. Qe4 Qd7 23. Qxg6 Na5 24. Ba2 c4 25. Qg5 b6 26. b4 Nb7 27. Re7 Qc6 28. b5 axb5 29. axb5 Qc5 30. Qh4 Nd6 31. Rae1 Rfe8 32. Rxe8+ Rxe8 33. Rxe8+ Nxe8 34. Qd8 Kf8 35. Qd7 Qd6 36. Qc8 d3 37. Qxc4 d2 38. Qxf7# 1-0

[Event "Olsztyn op U18 rapid"]
[Site "Olsztyn"]
[Date "2013.08.02"]
[Round "8"]
[White "Kotlowska, Anna"]
[Black "Dziodzio, Angelika"]
[Result "0-1"]
[WhiteElo "1698"]
[BlackElo "1937"]
[PlyCount "100"]
[EventDate "2013.08.01"]
[EventType "swiss (rapid)"]
[EventRounds "11"]
[EventCountry "POL"]
[SourceTitle "CBM 155 Extra"]
[Source "ChessBase"]
[SourceDate "2013.08.26"]
[SourceVersion "1"]
[SourceVersionDate "2013.08.26"]
[SourceQuality "1"]

1. e4 c5 2. Nf3 d6 3. d4 cxd4 4. Nxd4 Nf6 5. Nc3 Nc6 6. Be3 Ng4 7. Bc1 Qb6 8. Bb5 Bd7 9. Bxc6 bxc6 10. 0-0 g6 11. h3 Ne5 12. Kh1 Bg7 13. Nb3 0-0 14. Qe2 Be6 15. Nd2 Bc8 16. Re1 Ba6 17. Qe3 Qxe3 18. Rxe3 Rab8 19. f4 Nd7 20. Nb3 Nb6 21. Re1 Nc4 22. Rb1 h5 23. Kh2 Rfd8 24. Rd1 Kf8 25. Nd4 Rdc8 26. b3 Nb6 27. Bb2 c5 28. Nf3 Bb7 29. Nd5 Bxb2 30. Rxb2 Bxd5 31. exd5 Na4 32. Rbb1 Nc3 33. Kg1 Nxb1 34. Rxb1 c4 35. b4 Rc5 36. Nd2 Rxd5 37. Nxc4 Rd4 38. Na5 Rdxb4 39. Rxb4 Rxb4 40. Nc6 Rxf4 41. Nxa7 Ra4 42. Nb5 Rxa2 43. c3 Rb2 44. Nd4 e5 45. Nc6 Rc2 46. Kf1 Rxc3 47. Nb4 Rb3 48. Nc2 Ke7 49. Ke2 Ke6 50. Ne3 f5 0-1

[Event "Olsztyn op U18 rapid"]
[Site "Olsztyn"]
[Date "2013.08.02"]
[Round "5"]
[White "Rykala, Monika"]
[Black "Kotlowska, Anna"]
[Result "1-0"]
[WhiteElo "1867"]
[BlackElo "1698"]
[PlyCount "97"]
[EventDate "2013.08.01"]
[EventType "swiss (rapid)"]
[EventRounds "11"]
[EventCountry "POL"]
[SourceTitle "CBM 155 Extra"]
[Source "ChessBase"]
[SourceDate "2013.08.26"]
[SourceVersion "1"]
[SourceVersionDate "2013.08.26"]
[SourceQuality "1"]

1. d4 d6 2. c4 Nf6 3. Nc3 g6 4. e4 Bg7 5. f4 0-0 6. Nf3 Bg4 7. Be3 Nbd7 8. Be2 c6 9. 0-0 a6 10. a4 a5 11. Qb3 Qc7 12. Bd3 Bxf3 13. gxf3 e5 14. fxe5 dxe5 15. d5 Nh5 16. Ne2 Nf4 17. Nxf4 exf4 18. Bf2 Rae8 19. Kh1 Kh8 20. Rg1 Re7 21. Rad1 b6 22. Be2 cxd5 23. cxd5 Nc5 24. Qb5 Rd8 25. Rc1 Rc8 26. Rgd1 Be5 27. Bxc5 bxc5 28. Qa6 Rd7 29. Rc2 Rd6 30. Qc4 Rb6 31. Qa2 Qb7 32. Bb5 Bd4 33. Qc4 Rd8 34. Qe2 Qe7 35. Qd2 Qa7 36. Qxf4 Rf6 37. Qg3 Qe7 38. Rf1 h6 39. Re2 g5 40. Rc2 Rf4 41. Rd2 Qe5 42. b3 Kh7 43. Rg2 Rf8 44. Bd3 Rb8 45. Bb5 Rf8 46. Bd3 Re8 47. Qh3 Qd6 48. e5+ Kg7 49. exd6 1-0

[Event "POL-ch U18 Girls"]
[Site "Szczyrk"]
[Date "2013.??.??"]
[Round "4"]
[White "Dziodzio, Angelika"]
[Black "Kotlowska, Anna"]
[Result "1-0"]
[WhiteElo "1901"]
[BlackElo "1673"]
[PlyCount "81"]
[EventDate "2013.03.17"]
[EventType "swiss"]
[EventRounds "9"]
[EventCountry "POL"]
[SourceTitle "CBM 153 Extra"]
[Source "ChessBase"]
[SourceDate "2013.04.22"]
[SourceVersion "1"]
[SourceVersionDate "2013.04.22"]
[SourceQuality "1"]

1. e4 d6 2. d4 g6 3. Nc3 Bg7 4. f4 c6 5. Be3 Nd7 6. Nf3 Ngf6 7. e5 Ng4 8. Bg1 0-0 9. Qd2 c5 10. dxc5 dxe5 11. h3 Nh6 12. 0-0-0 Qa5 13. fxe5 Nf5 14. Qe1 Nxc5 15. g4 Nh6 16. Kb1 f5 17. g5 Nf7 18. h4 Be6 19. h5 Rfd8 20. Bd4 Ne4 21. a3 Nxc3+ 22. Bxc3 Rxd1+ 23. Qxd1 Rd8 24. Bd3 Qd5 25. hxg6 hxg6 26. Re1 a6 27. b3 a5 28. Qe2 Qc5 29. Bb2 a4 30. bxa4 Rc8 31. Nh4 Nh8 32. Rd1 Rd8 33. Ng2 Kf8 34. Nf4 Bf7 35. Qe1 Qb6 36. Qb4 Qe3 37. e6 Be8 38. Bxg7+ Kxg7 39. Qxe7+ Nf7 40. Qf6+ Kg8 41. exf7+ 1-0

[Event "POL-ch U18 Girls"]
[Site "Szczyrk"]
[Date "2013.??.??"]
[Round "1"]
[White "Kotlowska, Anna"]
[Black "Starczewska, Dominika"]
[Result "1/2-1/2"]
[WhiteElo "1673"]
[BlackElo "1970"]
[PlyCount "85"]
[EventDate "2013.03.17"]
[EventType "swiss"]
[EventRounds "9"]
[EventCountry "POL"]
[SourceTitle "CBM 153 Extra"]
[Source "ChessBase"]
[SourceDate "2013.04.22"]
[SourceVersion "1"]
[SourceVersionDate "2013.04.22"]
[SourceQuality "1"]

1. e4 c5 2. Nf3 Nc6 3. d4 cxd4 4. Nxd4 g6 5. c4 Bg7 6. Nxc6 bxc6 7. Nc3 Rb8 8. Be2 c5 9. 0-0 d6 10. Qc2 Qb6 11. Rb1 Nf6 12. Be3 a5 13. Rfd1 0-0 14. f3 Be6 15. e5 Bf5 16. Bd3 Bxd3 17. Rxd3 dxe5 18. Na4 Qc7 19. Nxc5 Rbc8 20. Rc1 Rfd8 21. Rxd8+ Rxd8 22. a3 Nh5 23. b4 axb4 24. axb4 Nf4 25. Rd1 Bh6 26. Rxd8+ Qxd8 27. Bf2 f5 28. b5 Qa5 29. Nb3 Qb4 30. b6 e4 31. fxe4 fxe4 32. Kf1 Nd3 33. c5 Be3 34. Bg3 Nxc5 35. Nxc5 Bxc5 36. Qa2+ Kg7 37. Be5+ Kh6 38. Bf4+ Kg7 39. Be5+ Kh6 40. Bf4+ Kg7 41. Be5+ Kh6 42. Bf4+ Kg7 43. Be5+ 1/2-1/2

[Event "Krakow-ch 3rd"]
[Site "Krakow"]
[Date "2012.08.08"]
[Round "1.4"]
[White "Brzeski, Maciej"]
[Black "Kotlowska, Anna"]
[Result "1-0"]
[WhiteElo "2314"]
[BlackElo "1633"]
[PlyCount "43"]
[EventDate "2012.08.08"]
[EventType "swiss"]
[EventRounds "9"]
[EventCountry "POL"]
[SourceTitle "EXT 2023"]
[Source "ChessBase"]
[SourceDate "2022.10.05"]
[SourceVersion "1"]
[SourceVersionDate "2022.10.05"]
[SourceQuality "1"]

1. e4 e5 2. Nf3 Nc6 3. Bb5 a6 4. Ba4 Nf6 5. 0-0 b5 6. Bb3 Bc5 7. c3 0-0 8. d4 exd4 9. cxd4 Be7 10. e5 Ne4 11. Bd5 Ng5 12. Nxg5 Bxg5 13. f4 Bh6 14. Nc3 Bb7 15. Qh5 Rb8 16. f5 Bxc1 17. Raxc1 Nxd4 18. f6 Ne6 19. Rf3 h6 20. fxg7 Kxg7 21. Rf6 Kh7 22. Rxh6+ 1-0

[Event "Gdansk op 14th"]
[Site "Gdansk"]
[Date "2012.07.25"]
[Round "5"]
[White "Sieklucki, Adam"]
[Black "Kotlowska, Anna"]
[Result "1-0"]
[WhiteElo "1847"]
[BlackElo "1647"]
[PlyCount "97"]
[EventDate "2012.07.22"]
[EventType "swiss"]
[EventRounds "9"]
[EventCountry "POL"]
[SourceTitle "CBM 149 Extra"]
[Source "ChessBase"]
[SourceDate "2012.08.24"]
[SourceVersion "1"]
[SourceVersionDate "2012.08.24"]
[SourceQuality "1"]

1. Nf3 Nf6 2. d4 g6 3. c4 Bg7 4. Nc3 0-0 5. Bf4 d6 6. e3 Nbd7 7. Be2 Re8 8. 0-0 Nh5 9. Bg5 h6 10. Bh4 g5 11. Nd2 Nhf6 12. Bg3 e5 13. dxe5 Nxe5 14. Qb3 Qe7 15. Nd5 Nxd5 16. cxd5 Nd7 17. Rac1 Nc5 18. Qc2 a5 19. Nb3 b6 20. Bb5 Bd7 21. Bxd7 Qxd7 22. Nd4 Rac8 23. Nf5 Bf8 24. f3 Qb5 25. Rfd1 Nd7 26. Qc6 Qxc6 27. Rxc6 Nc5 28. e4 Kh7 29. h4 g4 30. Bf4 gxf3 31. gxf3 Kg6 32. Rd2 Nxe4 33. fxe4 Rxe4 34. Nxd6 Bxd6 35. Bxd6 Kh5 36. Bg3 Rg8 37. Kh2 Reg4 38. Rc3 f5 39. Rf2 Rf8 40. Rf4 Rxf4 41. Bxf4 Kxh4 42. Bxc7 Re8 43. Bg3+ Kg5 44. Rf3 Re4 45. d6 Rd4 46. Bf4+ Kg4 47. Rf2 h5 48. Rd2 Rxf4 49. d7 1-0

[Event "Gdansk op 14th"]
[Site "Gdansk"]
[Date "2012.07.24"]
[Round "4"]
[White "Kotlowska, Anna"]
[Black "Zelajtys, Jozef"]
[Result "1-0"]
[WhiteElo "1647"]
[BlackElo "1628"]
[PlyCount "57"]
[EventDate "2012.07.22"]
[EventType "swiss"]
[EventRounds "9"]
[EventCountry "POL"]
[SourceTitle "CBM 149 Extra"]
[Source "ChessBase"]
[SourceDate "2012.08.24"]
[SourceVersion "1"]
[SourceVersionDate "2012.08.24"]
[SourceQuality "1"]

1. e4 e6 2. d4 d5 3. exd5 exd5 4. Bd3 Nf6 5. Nf3 h6 6. 0-0 Bd6 7. Re1+ Be6 8. Bf5 Qe7 9. Bxe6 fxe6 10. Qe2 Ne4 11. Nbd2 0-0 12. Nxe4 dxe4 13. Qxe4 Re8 14. Qxb7 Nd7 15. c4 Bb4 16. Re2 Rab8 17. Qe4 Rbc8 18. a3 Nf6 19. Qd3 Bd6 20. c5 Bxc5 21. dxc5 Qxc5 22. Be3 Qh5 23. h3 e5 24. Qc4+ Kh8 25. Rc1 a5 26. Rcc2 Rcd8 27. Red2 Rxd2 28. Nxd2 Qg6 29. Qxc7 1-0

[Event "Gizycko U18 op 13th"]
[Site "Gizycko"]
[Date "2011.11.19"]
[Round "4.5"]
[White "Kozaczynska, Aleksandra"]
[Black "Kotlowska, Anna"]
[Result "0-1"]
[WhiteElo "1524"]
[BlackElo "1689"]
[PlyCount "130"]
[EventDate "2011.11.18"]
[EventType "swiss"]
[EventRounds "5"]
[EventCountry "POL"]
[SourceTitle "EXT 2023"]
[Source "ChessBase"]
[SourceDate "2022.10.05"]
[SourceVersion "1"]
[SourceVersionDate "2022.10.05"]
[SourceQuality "1"]

1. e4 e5 2. Nf3 Nc6 3. Bc4 Bc5 4. c3 d6 5. 0-0 Bg4 6. h3 Bh5 7. d3 Nf6 8. Re1 a6 9. Bb3 0-0 10. Nbd2 Re8 11. Nf1 d5 12. exd5 Nxd5 13. Ng3 Bg6 14. d4 Ba7 15. dxe5 Nb6 16. Qxd8 Raxd8 17. e6 Nd5 18. exf7+ Bxf7 19. Bg5 Rd7 20. Rxe8+ Bxe8 21. Re1 Bf7 22. Ne5 Nxe5 23. Rxe5 h6 24. Bd2 Nf6 25. Bxf7+ Kxf7 26. Be3 Bxe3 27. Rxe3 Rd2 28. Re2 Rd1+ 29. Kh2 Nd5 30. Ne4 Nf4 31. Re3 Nd3 32. b3 b6 33. Re2 Nc1 34. Rc2 Re1 35. f3 Ke6 36. Ng3 Ke5 37. Ne4 Kf4 38. Rd2 g6 39. Rc2 Ke3 40. h4 Rd1 41. Nf2 Rf1 42. Ne4 Re1 43. Kg3 Ne2+ 44. Kh2 Nc1 45. Kg3 Ne2+ 46. Kh2 Rc1 47. Rb2 Nxc3 48. Nxc3 Rxc3 49. Kg3 c5 50. a3 b5 51. a4 b4 52. Kg4 a5 53. h5 g5 54. Kf5 c4 55. bxc4 Rxc4 56. Kg6 Rc6+ 57. Kf5 Kd3 58. Ke5 Kc3 59. Rb1 Kc2 60. Re1 b3 61. Kd5 Rb6 62. Re2+ Kd3 63. Rb2 Kc3 64. Re2 b2 65. Re3+ Kd2 0-1

[Event "Klementowice op 2nd"]
[Site "Klementowice"]
[Date "2011.08.20"]
[Round "9"]
[White "Tarajkiewicz, Krzysztof"]
[Black "Kotlowska, Anna"]
[Result "0-1"]
[WhiteElo "1490"]
[BlackElo "1689"]
[PlyCount "115"]
[EventDate "2011.08.14"]
[EventType "swiss"]
[EventRounds "9"]
[EventCountry "POL"]
[SourceTitle "CBM 144 Extra"]
[Source "ChessBase"]
[SourceDate "2011.10.28"]
[SourceVersion "1"]
[SourceVersionDate "2011.10.28"]
[SourceQuality "1"]

1. Nf3 d5 2. g3 Nf6 3. Bg2 c5 4. 0-0 Nc6 5. d3 b6 6. Nbd2 Bb7 7. c3 e6 8. e4 Be7 9. e5 Nd7 10. d4 0-0 11. Re1 b5 12. Nf1 b4 13. Be3 bxc3 14. bxc3 c4 15. h4 Qa5 16. Qc2 Nb6 17. N1h2 Na4 18. Bd2 Rfb8 19. Bf1 a6 20. Be2 Na7 21. Ng5 Bxg5 22. hxg5 Bc6 23. Reb1 Qc7 24. Bd1 a5 25. Qc1 Qd7 26. Bxa4 Bxa4 27. Rxb8+ Rxb8 28. Rb1 Rxb1 29. Qxb1 Qb5 30. Qxb5 Nxb5 31. Nf1 Bc2 32. Ne3 Bb1 33. a4 Na7 34. Bc1 Nc8 35. Nd1 Bc2 36. Nb2 Nb6 37. Kf1 Bxa4 38. Nxa4 Nxa4 39. Bd2 Kf8 40. Ke2 Ke7 41. Kd1 f6 42. f4 fxg5 43. fxg5 Kf7 44. Kc2 Kg6 45. g4 Nb6 46. Kb2 Nc8 47. Ka3 Na7 48. Ka4 Nc6 49. Kb5 Nd8 50. Kxa5 Nf7 51. Kb6 Nxg5 52. Kc6 Ne4 53. Bc1 Kf7 54. Kd7 g6 55. Kc6 h5 56. gxh5 gxh5 57. Kb5 Kg6 58. Kb4 0-1

[Event "Klementowice op 2nd"]
[Site "Klementowice"]
[Date "2011.08.19"]
[Round "8"]
[White "Kotlowska, Anna"]
[Black "Pietras, Daniel"]
[Result "1-0"]
[WhiteElo "1689"]
[BlackElo "1443"]
[PlyCount "55"]
[EventDate "2011.08.14"]
[EventType "swiss"]
[EventRounds "9"]
[EventCountry "POL"]
[SourceTitle "CBM 144 Extra"]
[Source "ChessBase"]
[SourceDate "2011.10.28"]
[SourceVersion "1"]
[SourceVersionDate "2011.10.28"]
[SourceQuality "1"]

1. e4 c5 2. Nc3 a6 3. f4 e6 4. Nf3 b5 5. d3 Bb7 6. g3 Nf6 7. Bg2 d5 8. exd5 Nxd5 9. 0-0 Be7 10. Nxd5 Bxd5 11. Be3 0-0 12. c3 Nd7 13. Qc2 Nb6 14. d4 c4 15. f5 Qc7 16. fxe6 fxe6 17. Bf4 Qb7 18. Rae1 Bf6 19. Re3 Qd7 20. Rfe1 Rae8 21. Qe2 Nc8 22. Bh3 Kh8 23. Bxe6 Bxe6 24. Rxe6 Rxe6 25. Qxe6 Qa7 26. Qe4 Qe7 27. Qxe7 Nxe7 28. Re6 1-0

[Event "POL-ch U16 Girls"]
[Site "Murzasichle"]
[Date "2011.03.12"]
[Round "9"]
[White "Mucha, Magdalena"]
[Black "Kotlowska, Anna"]
[Result "0-1"]
[WhiteElo "1851"]
[BlackElo "1655"]
[PlyCount "70"]
[EventDate "2011.03.05"]
[EventType "swiss"]
[EventRounds "9"]
[EventCountry "POL"]
[SourceTitle "EXT 2013"]
[Source "ChessBase"]
[SourceDate "2012.11.22"]
[SourceVersion "1"]
[SourceVersionDate "2012.11.22"]
[SourceQuality "1"]

1. d4 g6 2. c4 Bg7 3. Nc3 d6 4. e4 Nd7 5. Be3 e5 6. d5 Ne7 7. g4 a5 8. Qd2 b6 9. Bh6 0-0 10. h4 Bxh6 11. Qxh6 Kh8 12. 0-0-0 Nc5 13. Be2 Ng8 14. Qd2 Kg7 15. Nh3 h6 16. f4 exf4 17. Nxf4 Re8 18. Bf3 Bd7 19. Rdf1 Rb8 20. g5 b5 21. cxb5 Bxb5 22. Qd4+ Kh7 23. Rfg1 Re5 24. Rg2 Qe7 25. Rhg1 h5 26. Qd1 Bc4 27. Re1 Re8 28. Qc2 Qd7 29. Rgg1 c6 30. dxc6 Qxc6 31. Ncd5 Bxd5 32. Nxd5 Nd3+ 33. Kd2 Qxc2+ 34. Kxc2 Nxe1+ 35. Rxe1 Rxd5 0-1

[Event "POL-ch U16 Girls"]
[Site "Murzasichle"]
[Date "2011.03.10"]
[Round "7"]
[White "Lach, Aleksandra"]
[Black "Kotlowska, Anna"]
[Result "1-0"]
[WhiteElo "2100"]
[BlackElo "1655"]
[PlyCount "65"]
[EventDate "2011.03.05"]
[EventType "swiss"]
[EventRounds "9"]
[EventCountry "POL"]
[SourceTitle "EXT 2013"]
[Source "ChessBase"]
[SourceDate "2012.11.22"]
[SourceVersion "1"]
[SourceVersionDate "2012.11.22"]
[SourceQuality "1"]

1. Nf3 Nc6 2. d4 d5 3. c4 e6 4. e3 Nf6 5. Nc3 Bd7 6. a3 Na5 7. c5 a6 8. b4 Nc6 9. Bd3 Na7 10. Qe2 Be7 11. Bd2 0-0 12. 0-0 Bc6 13. a4 Ne4 14. b5 Nxc3 15. Bxc3 axb5 16. axb5 Bd7 17. Ne5 f6 18. Qh5 f5 19. Qe2 Be8 20. Qb2 b6 21. c6 f4 22. exf4 Rxf4 23. Ra6 Bd6 24. Rfa1 Bxe5 25. dxe5 d4 26. Bd2 Rf8 27. Rxa7 Rc8 28. R7a4 Bg6 29. Bxg6 hxg6 30. Rxd4 Qe8 31. Rd7 Rf7 32. Qd4 Rxd7 33. cxd7 1-0

[Event "POL-ch U16 Girls"]
[Site "Murzasichle"]
[Date "2011.03.09"]
[Round "6"]
[White "Kotlowska, Anna"]
[Black "Rykala, Monika"]
[Result "1-0"]
[WhiteElo "1655"]
[BlackElo "1806"]
[PlyCount "139"]
[EventDate "2011.03.05"]
[EventType "swiss"]
[EventRounds "9"]
[EventCountry "POL"]
[SourceTitle "EXT 2013"]
[Source "ChessBase"]
[SourceDate "2012.11.22"]
[SourceVersion "1"]
[SourceVersionDate "2012.11.22"]
[SourceQuality "1"]

1. e4 c5 2. Nc3 Nc6 3. f4 g6 4. Nf3 Bg7 5. Bc4 e6 6. a3 Nge7 7. d3 0-0 8. 0-0 a6 9. Qe1 Nd4 10. Nxd4 cxd4 11. Ne2 b5 12. Bb3 Bb7 13. Qf2 Nc6 14. f5 exf5 15. exf5 Qf6 16. Ng3 Ne5 17. Ne4 Bxe4 18. dxe4 Ng4 19. Qg3 Ne3 20. Bxe3 dxe3 21. c3 Qb6 22. Kh1 Rae8 23. Bd5 Re5 24. Qh3 Qd6 25. Rae1 a5 26. Rxe3 b4 27. c4 Rxd5 28. exd5 Bxb2 29. axb4 axb4 30. Re2 Bf6 31. Rfe1 Qc7 32. Re4 d6 33. Qf3 Be5 34. f6 Qd8 35. Rf1 Re8 36. Rfe1 Rf8 37. Rf1 Re8 38. Ree1 Rf8 39. Re4 Re8 40. Rh4 Qxf6 41. Qxf6 Bxf6 42. Rhf4 Be5 43. Rxf7 Rc8 44. Rb7 Rxc4 45. g3 h5 46. Rff7 Rc8 47. Rfd7 Rf8 48. Rxb4 g5 49. Kg2 Bc3 50. Rc4 Be5 51. Re7 Rf7 52. Rcc7 Rf8 53. Rh7 Bd4 54. Rxh5 Rf5 55. Kh3 Rxd5 56. Kg4 Bf6 57. Rhh7 Bd4 58. Rb7 Rc5 59. Rhd7 Rc8 60. Kxg5 Be5 61. Kg4 Rc4+ 62. Kh3 Rc8 63. g4 Rf8 64. Kg2 Rf4 65. Rb8+ Rf8 66. Rxf8+ Kxf8 67. h4 Ke8 68. Rb7 d5 69. Kf3 d4 70. Ke4 1-0

[Event "POL-ch U16 Girls"]
[Site "Murzasichle"]
[Date "2011.03.08"]
[Round "5"]
[White "Starczewska, Dominika"]
[Black "Kotlowska, Anna"]
[Result "1-0"]
[WhiteElo "1900"]
[BlackElo "1655"]
[PlyCount "91"]
[EventDate "2011.03.05"]
[EventType "swiss"]
[EventRounds "9"]
[EventCountry "POL"]
[SourceTitle "EXT 2013"]
[Source "ChessBase"]
[SourceDate "2012.11.22"]
[SourceVersion "1"]
[SourceVersionDate "2012.11.22"]
[SourceQuality "1"]

1. Nc3 e5 2. Nf3 Nc6 3. d4 exd4 4. Nxd4 Bc5 5. Nxc6 Qf6 6. Ne4 Qxc6 7. Nxc5 Qxc5 8. Be3 Qf5 9. Bd4 Nf6 10. e3 d5 11. Bd3 Qe6 12. Qf3 0-0 13. Qg3 c6 14. Qh4 h6 15. 0-0 b6 16. b3 Nh7 17. c4 c5 18. Bc3 Bb7 19. Qg3 Nf6 20. cxd5 Bxd5 21. e4 Bc6 22. Rae1 b5 23. f4 Rad8 24. Bb1 Rfe8 25. f5 Qe7 26. e5 Nh5 27. Qg4 Qg5 28. Qxg5 hxg5 29. g3 Bb7 30. Rd1 Bc6 31. Bc2 a6 32. Rxd8 Rxd8 33. Rd1 Rd5 34. Rxd5 Bxd5 35. Bd1 g6 36. f6 Kf8 37. Kf2 Ke8 38. Bf3 Be6 39. Bb7 b4 40. Bb2 a5 41. Ba6 Bf5 42. a3 Bd7 43. axb4 cxb4 44. Bc4 Bf5 45. Ke3 Bd7 46. Ke4 1-0

[Event "POL-ch U16 Girls"]
[Site "Murzasichle"]
[Date "2011.03.05"]
[Round "1"]
[White "Kotlowska, Anna"]
[Black "Ner, Patrycja"]
[Result "1-0"]
[WhiteElo "1655"]
[BlackElo "1361"]
[PlyCount "55"]
[EventDate "2011.03.05"]
[EventType "swiss"]
[EventRounds "9"]
[EventCountry "POL"]
[SourceTitle "EXT 2013"]
[Source "ChessBase"]
[SourceDate "2012.11.22"]
[SourceVersion "1"]
[SourceVersionDate "2012.11.22"]
[SourceQuality "1"]

1. e4 e5 2. Bc4 Nf6 3. Nc3 Bc5 4. d3 d6 5. h3 Be6 6. Bb3 Nc6 7. f4 g6 8. Nf3 h6 9. Qe2 Nh5 10. Qd1 exf4 11. d4 Bxb3 12. axb3 Bb4 13. 0-0 Qf6 14. Nd5 Qd8 15. c3 Ba5 16. Bxf4 Nxf4 17. Nxf4 g5 18. Nd5 h5 19. Nh2 Bb6 20. Nf6+ Kf8 21. Kh1 g4 22. hxg4 hxg4 23. Qxg4 Ne7 24. Nh5 Ng6 25. Qxg6 Qe7 26. Qg7+ Ke8 27. Nf6+ Qxf6 28. Rxf6 1-0

[Event "Kowalewo Pomorskie op-B 17th"]
[Site "Kowalewo Pomorskie"]
[Date "2010.07.10"]
[Round "9"]
[White "Kotlowska, Anna"]
[Black "Szybka, Joanna"]
[Result "1/2-1/2"]
[WhiteElo "1619"]
[BlackElo "1677"]
[PlyCount "44"]
[EventDate "2010.07.04"]
[EventType "swiss"]
[EventRounds "9"]
[EventCountry "POL"]
[SourceTitle "EXT 2011"]
[Source "ChessBase"]
[SourceDate "2010.11.26"]
[SourceVersion "1"]
[SourceVersionDate "2010.11.26"]
[SourceQuality "1"]

1. e4 c6 2. d4 d5 3. exd5 cxd5 4. Bd3 Nf6 5. Nf3 Bg4 6. c3 Nc6 7. Bf4 e6 8. Nbd2 Bd6 9. Bxd6 Qxd6 10. 0-0 0-0 11. Qb3 a6 12. Rfe1 Bxf3 13. Nxf3 b5 14. Ne5 Nd7 15. Nxd7 Qxd7 16. Qc2 f5 17. Re3 Rf6 18. f4 Rc8 19. Qe2 Qd6 20. Re1 Re8 21. Rf1 g6 22. Qf2 Qe7 1/2-1/2